| 000 | 00611nam a2200181Ia 4500 | ||
|---|---|---|---|
| 003 | GCL | ||
| 008 | 140319s9999 xx 000 0 ara d | ||
| 020 | _a2597702977 | ||
| 040 |
_aGCL / _cGCL |
||
| 082 | 0 | 4 |
_a320.50962 _bح و |
| 100 | 1 | _aحسين كامل بهاء الدين | |
| 245 | 1 | 0 |
_aالوطنية فى عالم بلاهوية : _bتحديات العولمة / _cحسين كامل بهاء الدين |
| 260 |
_aالقاهرة : _bدار المعارف ، _c2000 |
||
| 300 |
_a181 ص ؛ _c21 سم |
||
| 650 | 0 | 4 | _aالقومية العربية - مصر |
| 650 | 0 | 4 | _aالعولمة |
| 942 |
_2ddc _cBK |
||
| 999 |
_c2304 _d2304 |
||